000 00931nam a22002417a 4500
005 20241024090156.0
008 241024b ||||| |||| 00| 0 eng d
020 _a9789584295194
020 _a9584295195
040 _aCO-BoUCM
_cDavid Moreno
_dDavid Moreno
041 _aspa
100 1 _aLópez Obregón, Clara
_d1950-
_9183614
245 1 0 _aRebelde con causa
_bconversaciones con Clara López Obregón
_cMaría Fernanda González Binetti.
250 _a1a. Ed
260 _aBogotá, Colombia
_bEditorial Planeta Colombiana, Ariel
_c2021
300 _a274 Páginas
_bfotografías
600 1 7 _aLópez Obregón, Clara
_d1950-
_xVida política
_9183615
650 1 4 _aMujeres en la política
_vBiografías
_9183616
651 1 4 _aColombia
_xPolítica y gobierno
_926608
700 1 2 _aGonzález Binetti, María Fernanda.
_9183617
942 _2DEWEY
_a19
_cLIBRO
_e1
_h920.9
_mL864r
_n0
999 _c324962
_d324962